000 00321nam a2200121Ia 4500
005 20251222142021.0
008 251222s9999||||xx |||||||||||||| ||spa||
082 _a335.412/K18
100 _aKalecki, Michael
245 0 _aEl Desarrollo de la Economía Socialista
264 _bFondo de Cultura Económica
942 _cLIB
999 _c10665
_d10665